2016 US Presidency - First Democratic Debate - Statistics

General Stats
  • This quiz has been taken 54 times
  • The average score is 4 of 5
Answer Stats
Most recent position Contender % Correct
Vermont senator Bernie Sanders
100%
Secretary of State Hillary Clinton
98%
Maryland governor Martin O'Malley
68%
Rhode Island governor Lincoln Chafee
56%
Virginia senator Jim Webb
52%
No matching quizzes found
Score Distribution
Percent of People with Each Score
Percentile by Number Answered
Your Score History
You have not taken this quiz